|
|
|
|
| LEADER |
00000cam a2200000 7i4500 |
| 001 |
0000013592 |
| 005 |
20080118.0 |
| 008 |
080118 |
| 020 |
|
|
|a 9830994961
|
| 090 |
0 |
0 |
|a 297.1224045
|b AMI
|
| 100 |
0 |
|
|a Al-Amir, Muhamad Jamal
|
| 245 |
1 |
0 |
|a Latihan soal-jawab tajwid
|c Muhammad Jamal Al-Amir; penterjemah, Muhammad Nur Lubis
|
| 260 |
|
|
|a Kuala Lumpur :
|b Al-Hidayah ,
|c 2003
|
| 650 |
|
0 |
|a Koran
|x Racitation
|
| 650 |
|
0 |
|a Koran
|x Reading
|
| 700 |
0 |
|
|a Muhammad Nur Lubis
|
| 999 |
|
|
|a 0001008852
|b Book
|c Adult Collection
|e Perbadanan Perpustakaan Awam Johor
|
| 999 |
|
|
|a 0001008853
|b Book
|c Adult Collection
|e Perbadanan Perpustakaan Awam Johor
|